Statistiques concernant Benzema ou Suarez

Cliquez ici pour prendre le quiz!

Statistiques générales

  • Ce quiz a été pris 73 fois
  • Le résultat moyen est 10 sur 18

Statistiques - réponses

QuestionRéponse% Correct
2021-2022Benzema
93%
2022-2023Benzema
91%
2020-2021Benzema
83%
2014-2015Suarez
77%
2017-2018Suarez
74%
2015-2016Suarez
72%
2016-2017Suarez
70%
2019-2020Benzema
67%
2013-2014Suarez
65%
2007-2008Benzema
59%
2012-2013Suarez
55%
2009-2010Suarez
51%
2005-2006Suarez
46%
2006-2007Suarez
43%
2011-2012Benzema
35%
2018-2019Benzema
30%
2010-2011Benzema
25%
2008-2009égalité
6%

Distribution des résultats

Percentile par nombre de réponses

% des personnes avec chaque résultat

Votre développement - résultats

Vous n’avez pas pris ce quiz